Statistics for Countries the Japanese Royal family has Visited

Click here to take the quiz!

General Stats

  • This quiz has been taken 82 times
    (60 since last reset)
  • The average score is 52 of 77

Answer Stats

ContinentCountry% Correct
North AmericaUnited States of America
92%
South AmericaBrazil
90%
EuropeFrance
90%
EuropeUnited Kingdom
90%
South AmericaArgentina
87%
EuropeAustria
87%
North AmericaCanada
87%
AsiaIndonesia
87%
EuropeGermany
85%
EuropeNorway
85%
EuropeSweden
85%
Asia/ EuropeTurkey
85%
OceaniaNew Zealand
82%
EuropeBelgium
79%
AsiaIndia
79%
EuropeIreland
79%
EuropeItaly
79%
North AmericaMexico
79%
AfricaSouth Africa
79%
EuropeSpain
79%
South AmericaChile
77%
South AmericaColombia
77%
EuropeDenmark
77%
EuropeFinland
77%
EuropePoland
77%
EuropePortugal
77%
AfricaEgypt
74%
South AmericaPeru
74%
Europethe Netherlands
74%
South AmericaBolivia
72%
EuropeGreece
72%
EuropeHungary
72%
EuropeLithuania
72%
AsiaVietnam
72%
EuropeCzech Republic
69%
AsiaLaos
69%
EuropeLatvia
69%
EuropeSwitzerland
69%
South AmericaUruguay
69%
EuropeBulgaria
67%
AsiaCambodia
67%
EuropeCroatia
67%
EuropeEstonia
67%
North AmericaPanama
67%
South AmericaParaguay
67%
EuropeRomania
67%
EuropeSlovakia
67%
AsiaThailand
67%
AsiaBhutan
64%
North AmericaGuatemala
64%
AsiaMalaysia
64%
AsiaMongolia
64%
AfricaMorocco
64%
AsiaSaudi Arabia
62%
AsiaBrunei
59%
AfricaKenya
59%
EuropeLuxembourg
59%
North AmericaNicaragua
59%
Asiathe Philippines
59%
North AmericaCosta Rica
56%
EuropeMonaco
56%
EuropeSlovenia
56%
OceaniaTonga
56%
North AmericaHonduras
54%
OceaniaPalau
54%
EuropeVatican City
54%
North AmericaEl Salvador
51%
OceaniaFiji
51%
EuropeMontenegro
51%
OceaniaSamoa
49%
AfricaTanzania
49%
AsiaJordan
46%
AsiaSingapore
46%
AfricaGhana
44%
AfricaUganda
38%
AfricaZambia
38%
AfricaMadagascar
36%

Score Distribution

Percentile by Number Answered

Percent of People with Each Score

Your Score History

You have not taken this quiz since the last reset